<?xml version="1.0" encoding="UTF-8"?>
<record
    xmlns:xsi="http://www.w3.org/2001/XMLSchema-instance"
    xsi:schemaLocation="http://www.loc.gov/MARC21/slim http://www.loc.gov/standards/marcxml/schema/MARC21slim.xsd"
    xmlns="http://www.loc.gov/MARC21/slim">

  <leader>01166nam a2200265 a 4500</leader>
  <controlfield tag="001">BRCA_7477</controlfield>
  <controlfield tag="005">20190320205842.0</controlfield>
  <controlfield tag="008">240413s2012----mx-a######---#000-0#spa-#</controlfield>
  <datafield tag="020" ind1=" " ind2=" ">
    <subfield code="a">9786079527242</subfield>
  </datafield>
  <datafield tag="041" ind1=" " ind2=" ">
    <subfield code="a">spa</subfield>
  </datafield>
  <datafield tag="044" ind1=" " ind2=" ">
    <subfield code="a">mx</subfield>
  </datafield>
  <datafield tag="050" ind1=" " ind2="4">
    <subfield code="a">F1386.4</subfield>
    <subfield code="b">.T64 2012</subfield>
  </datafield>
  <datafield tag="245" ind1="1" ind2="0">
    <subfield code="a">Tohuehuetlalnantzin</subfield>
    <subfield code="b">antigua es nuestra querida tierra, historia e im&#xE1;genes de Milpa Alta de la &#xE9;poca prehisp&#xE1;nica a la revoluci&#xF3;n</subfield>
    <subfield code="c">coordinadores Mario Barbosa Cruz, Mar&#xED;a Eugenia Terrones L&#xF3;pez.</subfield>
  </datafield>
  <datafield tag="260" ind1=" " ind2=" ">
    <subfield code="a">M&#xE9;xico</subfield>
    <subfield code="b">Delegaci&#xF3;n Milpa Alta ; UAM, Unidad Cuajimalpa</subfield>
    <subfield code="c">2012</subfield>
  </datafield>
  <datafield tag="300" ind1=" " ind2=" ">
    <subfield code="a">235 p.</subfield>
    <subfield code="b">il. (algunas a color)</subfield>
    <subfield code="c">25 cm.</subfield>
  </datafield>
  <datafield tag="500" ind1=" " ind2=" ">
    <subfield code="a">Incluye siglas y cat&#xE1;logo general de im&#xE1;genes</subfield>
  </datafield>
  <datafield tag="504" ind1=" " ind2=" ">
    <subfield code="a">Bibliograf&#xED;a: p. 211-217</subfield>
  </datafield>
  <datafield tag="650" ind1="1" ind2="4">
    <subfield code="a">Ciudades y pueblos</subfield>
    <subfield code="x">Historia</subfield>
    <subfield code="z">Milpa Alta (Ciudad de M&#xE9;xico)</subfield>
    <subfield code="9">18402</subfield>
  </datafield>
  <datafield tag="650" ind1="1" ind2="4">
    <subfield code="a">Iglesia cat&#xF3;lica</subfield>
    <subfield code="x">Historia</subfield>
    <subfield code="z">Milpa Alta (Ciudad de M&#xE9;xico)</subfield>
    <subfield code="9">18403</subfield>
  </datafield>
  <datafield tag="651" ind1=" " ind2="4">
    <subfield code="a">Milpa Alta (Ciudad de M&#xE9;xico)</subfield>
    <subfield code="x">Historia</subfield>
    <subfield code="9">18404</subfield>
  </datafield>
  <datafield tag="651" ind1=" " ind2="4">
    <subfield code="a">Milpa Alta (Ciudad de M&#xE9;xico)</subfield>
    <subfield code="x">Vida social y costumbres</subfield>
    <subfield code="9">18405</subfield>
  </datafield>
  <datafield tag="700" ind1="1" ind2=" ">
    <subfield code="a">Barbosa Cruz, Mario</subfield>
    <subfield code="e">coord.</subfield>
    <subfield code="9">18406</subfield>
  </datafield>
  <datafield tag="700" ind1="1" ind2=" ">
    <subfield code="a">Terrones L&#xF3;pez, Mar&#xED;a Eugenia</subfield>
    <subfield code="e">coord.</subfield>
    <subfield code="9">18407</subfield>
  </datafield>
  <datafield tag="942" ind1=" " ind2=" ">
    <subfield code="2">lcc</subfield>
    <subfield code="c">B</subfield>
  </datafield>
  <datafield tag="999" ind1=" " ind2=" ">
    <subfield code="c">7152</subfield>
    <subfield code="d">7152</subfield>
  </datafield>
  <datafield tag="952" ind1=" " ind2=" ">
    <subfield code="0">0</subfield>
    <subfield code="1">0</subfield>
    <subfield code="4">0</subfield>
    <subfield code="7">0</subfield>
    <subfield code="a">BRCA</subfield>
    <subfield code="b">BRCA</subfield>
    <subfield code="d">2013-04-23</subfield>
    <subfield code="l">0</subfield>
    <subfield code="o">F1386.4 .T64 2012</subfield>
    <subfield code="p">02739</subfield>
    <subfield code="r">2019-03-22 00:00:00</subfield>
    <subfield code="w">2019-03-22</subfield>
    <subfield code="y">B</subfield>
  </datafield>
</record>
